Kvalita života domácností z pohľadu ekonomickej situácie v roku 2011

Porovnanie ekonomickej situácie domácností rozdelených do troch príjmových pásiem odpovedajúcich na dopytovanie EU SILC a ich subjektívnych odpovedí na vybrané otázky v roku 2011.

Na minha lista:
Detalhes bibliográficos
Autor principal: Strhár, Pavol
Formato: Capítulo de Livro
Idioma:eslovaco
Assuntos:
Tags: Adicionar Tag
Sem tags, seja o primeiro a adicionar uma tag!

MARC

LEADER 00000nla a2200000 4500
001 0185211
005 20240502073156.3
041 0 |a slo 
044 |a SK 
245 1 0 |a Kvalita života domácností z pohľadu ekonomickej situácie v roku 2011  |c Pavol Strhár 
520 |a Porovnanie ekonomickej situácie domácností rozdelených do troch príjmových pásiem odpovedajúcich na dopytovanie EU SILC a ich subjektívnych odpovedí na vybrané otázky v roku 2011. 
610 2 0 |a situácia finančná obyvateľstva 
610 2 0 |a situácia sociálna 
610 2 0 |a podmienky sociálne 
610 2 0 |a kvalita života 
610 2 0 |a príjmy rodinné 
610 2 0 |a náklady životné 
610 2 0 |a domácnosti 
610 2 0 |a modely 
100 1 |a Strhár, Pavol